[Event "EU-ch U18 Girls 28th"]
[Site "Riga"]
[Date "2018.08.20"]
[Round "1"]
[White "Jalaghonia, Nino"]
[Black "Ivanova, Katrina Telma"]
[Result "1-0"]
[WhiteElo "2006"]
[BlackElo "1313"]
[PlyCount "95"]
[EventDate "2018.08.20"]
[EventType "swiss"]
[EventRounds "9"]
[EventCountry "LAT"]
[SourceTitle "CBM 186 Extra"]
[Source "ChessBase"]
[SourceDate "2018.08.24"]
[SourceVersion "1"]
[SourceVersionDate "2018.08.24"]
[SourceQuality "1"]

1. e4 e5 2. Nf3 Nf6 3. Nxe5 d6 4. Nf3 Nxe4 5. d4 d5 6. Bd3 Nf6 7. 0-0 Be7 8. h3 0-0 9. Nbd2 b6 10. Ne5 Bb7 11. Re1 Nbd7 12. Ba6 Qb8 13. Nxd7 Nxd7 14. Bxb7 Qxb7 15. Rxe7 Nf6 16. Nf3 Rfe8 17. Rxe8+ Rxe8 18. Bf4 h6 19. Ne5 c5 20. c3 g5 21. Bg3 Ne4 22. Qg4 cxd4 23. cxd4 Qe7 24. Rc1 Nd6 25. Qd7 Qxd7 26. Nxd7 Re6 27. Bxd6 Rxd6 28. Rc7 a6 29. Rb7 Kg7 30. Nxb6 Kf6 31. Nd7+ Kg7 32. Nc5 Rf6 33. Rd7 Rb6 34. b3 a5 35. Rxd5 Rb8 36. Kf1 Re8 37. Nb7 Kg6 38. Nxa5 f6 39. Nc4 Rb8 40. Rc5 Kf7 41. d5 Ke7 42. d6+ Ke6 43. Rc7 Rd8 44. a4 Rb8 45. d7 Rxb3 46. d8Q Rb1+ 47. Ke2 Ra1 48. Qd7# 1-0

[Event "LAT-ch (Women)"]
[Site "Riga"]
[Date "2017.10.06"]
[Round "2"]
[White "Ivanova, Katrina Telma"]
[Black "Osobskaja, Zinaida"]
[Result "0-1"]
[WhiteElo "1306"]
[BlackElo "1646"]
[PlyCount "105"]
[EventDate "2017.10.05"]
[EventType "swiss"]
[EventRounds "7"]
[EventCountry "LAT"]
[SourceTitle "CBM 181 Extra"]
[Source "ChessBase"]
[SourceDate "2017.12.12"]
[SourceVersion "1"]
[SourceVersionDate "2017.12.12"]
[SourceQuality "1"]

1. e4 c5 2. Nf3 e6 3. d4 cxd4 4. Nxd4 a6 5. Bd3 Nc6 6. Nxc6 dxc6 7. 0-0 b5 8. a4 Bd7 9. axb5 axb5 10. Rxa8 Qxa8 11. e5 Ne7 12. Qe2 Nd5 13. c4 bxc4 14. Bxc4 Be7 15. Qg4 Kf8 16. Rd1 h5 17. Qf3 Qb8 18. Re1 g6 19. Nc3 Qb4 20. Bxd5 cxd5 21. Rd1 Qb8 22. Re1 Kg7 23. Qh3 Qc7 24. Qf3 Qc4 25. Qe2 Qxe2 26. Nxe2 Rb8 27. Nd4 Rb4 28. Nc2 Rc4 29. Ne3 Rb4 30. g3 Ba4 31. Kg2 f5 32. f4 Bc5 33. Nd1 Bc6 34. Kf1 d4 35. Nf2 Bb5+ 36. Kg2 Rb3 37. Rd1 d3 38. h3 Bd4 39. Rd2 Be3 40. Rd1 Bxc1 41. Rxc1 Rxb2 42. Rc7+ Kf8 43. Rc8+ Ke7 44. Rc7+ Kd8 45. Ra7 Re2 46. Ra1 Kc7 47. Rd1 d2 48. Rb1 Kc6 49. Ra1 Ba4 50. Rxa4 Rxf2+ 51. Kxf2 d1Q 52. Rc4+ Kd5 53. Rc3 0-1

[Event "EU-ch (Women) 18th"]
[Site "Riga"]
[Date "2017.04.19"]
[Round "8"]
[White "Sibajeva, Marija"]
[Black "Ivanova, Katrina Telma"]
[Result "1-0"]
[WhiteElo "2011"]
[BlackElo "1340"]
[PlyCount "99"]
[EventDate "2017.04.11"]
[EventType "swiss"]
[EventRounds "11"]
[EventCountry "LAT"]
[SourceTitle "CBM 177 Extra"]
[Source "ChessBase"]
[SourceDate "2017.04.27"]
[SourceVersion "1"]
[SourceVersionDate "2017.04.27"]
[SourceQuality "1"]

1. e4 e5 2. Nf3 Nf6 3. Nc3 Bb4 4. d3 d5 5. exd5 Nxd5 6. Bd2 Bxc3 7. bxc3 0-0 8. Be2 Re8 9. 0-0 Nc6 10. Rb1 b6 11. Re1 Bb7 12. Bf1 h6 13. c4 Nf6 14. Bc3 Nd7 15. d4 exd4 16. Rxe8+ Qxe8 17. Nxd4 Nde5 18. Nxc6 Bxc6 19. Qd4 f6 20. Qf4 Qe7 21. Re1 Re8 22. Qf5 Qc5 23. Qf4 Re7 24. Qd2 Kf7 25. Bb4 Rd7 26. Qxd7+ Nxd7 27. Bxc5 Nxc5 28. Bd3 Ne6 29. Bg6+ Kxg6 30. Rxe6 Ba4 31. Re7 Bxc2 32. Rxc7 Bd3 33. f3 a5 34. a3 a4 35. Kf2 h5 36. Ke3 Bf1 37. g3 Kh6 38. Kd4 Bg2 39. Rc6 Bxf3 40. Rxb6 Kg5 41. c5 Kg4 42. c6 Bxc6 43. Rxc6 Kh3 44. Rc2 g5 45. Ke4 h4 46. Kf5 hxg3 47. hxg3 Kxg3 48. Rc4 g4 49. Rxg4+ Kf3 50. Rxa4 1-0

[Event "EU-ch (Women) 18th"]
[Site "Riga"]
[Date "2017.04.15"]
[Round "5"]
[White "Ivanova, Katrina Telma"]
[Black "Ni Mhuireagain, Eibhia"]
[Result "1-0"]
[WhiteElo "1340"]
[BlackElo "1496"]
[PlyCount "83"]
[EventDate "2017.04.11"]
[EventType "swiss"]
[EventRounds "11"]
[EventCountry "LAT"]
[SourceTitle "CBM 177 Extra"]
[Source "ChessBase"]
[SourceDate "2017.04.27"]
[SourceVersion "1"]
[SourceVersionDate "2017.04.27"]
[SourceQuality "1"]

1. e4 d5 2. exd5 Qxd5 3. Nc3 Qd6 4. d4 c6 5. Ne4 Qe6 6. Qe2 Nf6 7. f3 Nbd7 8. g3 Qd5 9. c3 c5 10. dxc5 Nxe4 11. Qxe4 Qxe4+ 12. fxe4 Nxc5 13. Bg2 e5 14. b4 Nd3+ 15. Ke2 Nxc1+ 16. Rxc1 Be6 17. a3 Bc4+ 18. Ke1 g6 19. h4 Bh6 20. Rd1 Rd8 21. Rxd8+ Kxd8 22. Nf3 f6 23. g4 Bf4 24. Kf2 h6 25. Rd1+ Kc7 26. Ng1 Rd8 27. Rxd8 Kxd8 28. Bf1 Bxf1 29. Kxf1 Be3 30. c4 Bc1 31. a4 Ba3 32. b5 Kc7 33. Ke2 Kb6 34. Kd3 Ka5 35. Ne2 Bb4 36. Ng3 Be1 37. Nf1 Bxh4 38. Ne3 h5 39. c5 hxg4 40. Kc4 g3 41. Kb3 a6 42. Nc4# 1-0